Reconstructing Japan (Record no. 83349)

MARC details
000 -LEADER
fixed length control field 00676cab a22001935a 4500
001 - CONTROL NUMBER
control field L153667
008 - FIXED-LENGTH DATA ELEMENTS--GENERAL INFORMATION
fixed length control field 110812e20110812xxk 000 0 eng d
035 ## - SYSTEM CONTROL NUMBER
System control number (Sirsi) u153667
041 0# - LANGUAGE CODE
Language code of text/sound track or separate title eng
100 1# - MAIN ENTRY--PERSONAL NAME
Personal name Fitzpatrick, Michael
245 00 - TITLE STATEMENT
Title Reconstructing Japan
490 ## - SERIES STATEMENT
Series statement Building
Volume/sequential designation 276 (8691) 12 August 2011, 30-33(4)
520 ## - SUMMARY, ETC.
Summary, etc. Capable local contractors mean that British firms need to know where to offer their expertise to help to rebuild Japan after the earthquake and tsunami; looks at the opportunities and challenges.
590 ## - LOCAL NOTE (RLIN)
Local note KA
651 #4 - SUBJECT ADDED ENTRY--GEOGRAPHIC NAME
Geographic name Japan
690 ## - LOCAL SUBJECT ADDED ENTRY--TOPICAL TERM (OCLC, RLIN)
Topical term or geographic name as entry element BUILT ENVIRONMENT-CONSTRUCTION MANAGEMENT
700 1# - ADDED ENTRY--PERSONAL NAME
Personal name Wright, Emily
942 ## - ADDED ENTRY ELEMENTS (KOHA)
Suppress in OPAC 0
Holdings
Withdrawn status Lost status Source of classification or shelving scheme Damaged status Not for loan Home library Current library Shelving location Date acquired Total Checkouts Full call number Barcode Date last seen Copy number Price effective from Koha item type
    Dewey Decimal Classification     London London Journal article 15/08/2011   L153667 153667-1001 06/08/2019 1 06/08/2019 Journal article